La arquitectura en la edad del humanismo

Salvato in:
Dettagli Bibliografici
Autore principale: Wittkower, Rudolf (Autore)
Natura: Libro
Lingua:spagnolo
Pubblicazione: Buenos Aires Nueva Visión 1958
Edizione:1a. ed
Serie:Colección Historia de la Arquitectura,
Soggetti:
Tags: Aggiungi Tag
Nessun Tag, puoi essere il primo ad aggiungerne!!

MARC

LEADER 00000cam a2200000 a 4500
001 UCD4663
003 CL-VaPUC
008 160713e19581222ag |||||||||||||||||spa|d
082 0 4 |a 724.12  |b WIT  |2 21 
100 0 |a Wittkower, Rudolf  |e author  |9 588396 
245 1 3 |a La arquitectura en la edad del humanismo 
250 |a 1a. ed 
300 |a 159 p 
942 |c BK 
945 |d 20160713 20:53:00  |a arojas 
260 |a Buenos Aires  |b Nueva Visión  |c 1958 
650 0 |a Arquitectura renacentista   |9 265337 
650 0 |a Diseño arquitectónico   |9 265271 
650 7 |a ESTRUCTURAS ARQUITECTONICAS  |2 CL-VaPUC  |9 588397 
583 |a last modification  |c 20160713 20:53:00  |k Rodrigo Vera 
490 0 |a Colección Historia de la Arquitectura, 
999 |c 365533  |d 365531 
952 |0 0  |1 0  |3 erb  |4 0  |6 724_120000000000000_WIT_1958  |7 0  |8 A  |9 479415  |a FDOHBE  |b FDOHBE  |e Huesbe Llanos, Marco Antonio, 1934-  |i 5305977  |o 724.12 WIT 1958  |p 5305977  |r 2024-01-30  |w 2019-11-24  |y BK  |z Catalogado en:20160713  |k HBE 
952 |0 0  |1 0  |3 erb  |4 0  |6 724_120000000000000_WIT_1958  |7 0  |8 A  |9 479416  |a BIBARQ  |b BIBARQ  |i 5406684  |l 3  |o 724.12 WIT 1958  |p 5406684  |r 2025-01-20  |s 2023-05-18  |w 2019-11-24  |y BK  |z Catalogado en:20170709  |k ARQ